[Event "ODJM C 2025"]
[Site "Willingen GER"]
[Date "2025.06.08"]
[Round "2"]
[White "Trunz, Daniel"]
[Black "Volkmann, Alexej"]
[Result "1-0"]
[Termination "normal"]
[Board "27"]
[WhiteElo "1495"]
[BlackElo "834"]
[WhiteClock "01:29:21"]
[BlackClock "01:27:13"]
[PlyCount "29"]
[WhiteFideId "34640797"]
[BlackFideId "533006644"]
[EventCountry "GER"]
[EventRounds "9"]
[EventType "swiss"]
[EventDate "2025.06.07"]

1. e4 {[%clk 01:30:52]} {[%emt 00:00:07]} e5 {[%clk 01:30:55]} {[%emt
00:00:11]} 2. Nf3 {[%clk 01:31:13]} {[%emt 00:00:04]} Nc6 {[%clk 01:31:14]}
{[%emt 00:00:11]} 3. d4 {[%clk 01:31:37]} {[%emt 00:00:07]} exd4 {[%clk
01:31:00]} {[%emt 00:00:43]} 4. Bc4 {[%clk 01:31:56]} {[%emt 00:00:11]} Nf6
{[%clk 01:30:18]} {[%emt 00:01:12]} 5. e5 {[%clk 01:32:02]} {[%emt 00:00:25]}
Ng4 {[%clk 01:29:42]} {[%emt 00:01:04]} 6. O-O {[%clk 01:32:21]} {[%emt
00:00:12]} d6 {[%clk 01:29:22]} {[%emt 00:00:50]} 7. h3 {[%clk 01:31:48]}
{[%emt 00:01:03]} Ncxe5 {[%clk 01:28:47]} {[%emt 00:01:05]} 8. Nxe5 {[%clk
01:31:42]} {[%emt 00:00:36]} Nxe5 {[%clk 01:28:57]} {[%emt 00:00:20]} 9. Re1
{[%clk 01:31:56]} {[%emt 00:00:16]} Be7 {[%clk 01:28:55]} {[%emt 00:00:32]} 10.
f4 {[%clk 01:31:50]} {[%emt 00:00:36]} Nxc4 {[%clk 01:29:08]} {[%emt 00:00:16]}
11. Qxd4 {[%clk 01:31:34]} {[%emt 00:00:47]} d5 {[%clk 01:28:44]} {[%emt
00:00:54]} 12. Qxg7 {[%clk 01:30:53]} {[%emt 00:01:10]} Rf8 {[%clk 01:28:15]}
{[%emt 00:01:00]} 13. f5 {[%clk 01:30:26]} {[%emt 00:00:56]} Bxf5 {[%clk
01:28:07]} {[%emt 00:00:38]} 14. Bh6 {[%clk 01:29:53]} {[%emt 00:01:03]} Qd7
{[%clk 01:27:13]} {[%emt 00:01:25]} 15. Qxf8# {[%clk 01:29:21]} {[%emt
00:00:32]} 1-0

[Event "ODJM C 2025"]
[Site "Willingen GER"]
[Date "2025.06.08"]
[Round "2"]
[White "Peglau, Louise Deborah"]
[Black "Eßers, Mathilda Marie"]
[Result "0-1"]
[Termination "normal"]
[Board "28"]
[WhiteElo "861"]
[BlackElo "1463"]
[WhiteClock "01:32:03"]
[BlackClock "01:31:01"]
[PlyCount "30"]
[WhiteFideId "34667008"]
[BlackFideId "34684093"]
[EventCountry "GER"]
[EventRounds "9"]
[EventType "swiss"]
[EventDate "2025.06.07"]

1. d4 {[%clk 01:30:58]} Nf6 {[%clk 01:30:45]} {[%emt 00:00:17]} 2. c4 {[%clk
01:31:17]} {[%emt 00:00:10]} e6 {[%clk 01:31:02]} {[%emt 00:00:13]} 3. Nc3
{[%clk 01:31:41]} {[%emt 00:00:07]} d5 {[%clk 01:31:22]} {[%emt 00:00:09]} 4.
Nf3 {[%clk 01:31:51]} {[%emt 00:00:20]} dxc4 {[%clk 01:30:25]} {[%emt
00:01:27]} 5. e4 {[%clk 01:32:04]} {[%emt 00:00:16]} b6 {[%clk 01:30:00]}
{[%emt 00:00:57]} 6. Bxc4 {[%clk 01:32:18]} {[%emt 00:00:13]} Bb7 {[%clk
01:30:10]} {[%emt 00:00:22]} 7. Bg5 {[%clk 01:32:26]} {[%emt 00:00:20]} Be7
{[%clk 01:30:30]} {[%emt 00:00:12]} 8. O-O {[%clk 01:32:14]} {[%emt 00:00:41]}
Nxe4 {[%clk 01:30:49]} {[%emt 00:00:12]} 9. Bxe7 {[%clk 01:32:17]} {[%emt
00:00:27]} Qxe7 {[%clk 01:30:57]} {[%emt 00:00:22]} 10. Qa4+ {[%clk 01:32:11]}
{[%emt 00:00:36]} Nd7 {[%clk 01:30:25]} {[%emt 00:01:02]} 11. Nxe4 {[%clk
01:32:05]} {[%emt 00:00:35]} Bxe4 {[%clk 01:30:47]} {[%emt 00:00:10]} 12. Nd2
{[%clk 01:31:47]} {[%emt 00:00:47]} Bb7 {[%clk 01:30:44]} {[%emt 00:00:34]} 13.
Rfe1 {[%clk 01:31:43]} {[%emt 00:00:31]} Qg5 {[%clk 01:30:40]} {[%emt
00:00:35]} 14. Nf3 {[%clk 01:31:53]} {[%emt 00:00:21]} Bxf3 {[%clk 01:31:01]}
{[%emt 00:00:10]} 15. Re5 {[%clk 01:32:03]} {[%emt 00:00:20]} Qxg2# {[%clk
01:31:01]} {[%emt 00:00:29]} 0-1

[Event "ODJM C 2025"]
[Site "Willingen GER"]
[Date "2025.06.08"]
[Round "2"]
[White "Hasekamp, Jonas"]
[Black "Kiesewetter, Lara"]
[Result "0-1"]
[Termination "normal"]
[Board "29"]
[WhiteElo "812"]
[BlackElo "1131"]
[WhiteClock "01:21:10"]
[BlackClock "01:22:41"]
[PlyCount "92"]
[WhiteFideId "34685944"]
[BlackFideId "533043736"]
[EventCountry "GER"]
[EventRounds "9"]
[EventType "swiss"]
[EventDate "2025.06.07"]

1. e4 {[%clk 01:30:59]} c5 {[%emt 00:00:17]} 2. Bc4 {[%clk 01:30:55]} {[%emt
00:00:14]} Nc6 {[%clk 01:31:07]} {[%emt 00:00:27]} 3. Qf3 {[%clk 01:30:51]}
{[%emt 00:00:28]} e6 {[%clk 01:30:49]} {[%emt 00:00:55]} 4. Nh3 {[%clk
01:30:43]} {[%emt 00:00:37]} g6 {[%clk 01:29:51]} {[%emt 00:01:27]} 5. Ng5
{[%clk 01:30:14]} {[%emt 00:00:18]} Qxg5 {[%clk 01:30:17]} {[%emt 00:00:45]} 6.
h4 {[%clk 01:29:16]} {[%emt 00:01:18]} Qd8 {[%clk 01:30:29]} {[%emt 00:00:29]}
7. Nc3 {[%clk 01:29:04]} {[%emt 00:00:41]} Bg7 {[%clk 01:29:39]} {[%emt
00:01:20]} 8. Nd5 {[%clk 01:29:04]} {[%emt 00:00:22]} exd5 {[%clk 01:29:12]}
{[%emt 00:01:05]} 9. Bxd5 {[%clk 01:29:16]} {[%emt 00:00:17]} Qf6 {[%clk
01:27:15]} {[%emt 00:02:28]} 10. Qc3 {[%clk 01:28:55]} {[%emt 00:00:42]} Qxc3
{[%clk 01:27:08]} {[%emt 00:00:47]} 11. dxc3 {[%clk 01:28:38]} {[%emt
00:00:45]} Nge7 {[%clk 01:27:11]} {[%emt 00:00:28]} 12. O-O {[%clk 01:27:45]}
{[%emt 00:01:18]} O-O {[%clk 01:26:29]} {[%emt 00:01:17]} 13. Bg5 {[%clk
01:27:46]} {[%emt 00:00:19]} Nxd5 {[%clk 01:24:51]} {[%emt 00:02:19]} 14. exd5
{[%clk 01:27:57]} {[%emt 00:00:19]} Ne5 {[%clk 01:24:43]} {[%emt 00:00:37]} 15.
Be7 {[%clk 01:26:53]} {[%emt 00:00:21]} Re8 {[%clk 01:25:09]} {[%emt 00:01:17]}
16. Bxc5 {[%clk 01:27:10]} {[%emt 00:00:13]} b6 {[%clk 01:25:09]} {[%emt
00:00:31]} 17. Bd4 {[%clk 01:27:11]} {[%emt 00:00:24]} Nc4 {[%clk 01:24:59]}
{[%emt 00:00:45]} 18. b3 {[%clk 01:27:07]} {[%emt 00:00:28]} Na3 {[%clk
01:22:25]} {[%emt 00:03:11]} 19. Bxg7 {[%emt 00:00:26]} Kxg7 {[%emt 00:00:24]}
20. Rfe1 {[%clk 01:26:41]} {[%emt 00:00:05]} Rxe1+ {[%clk 01:22:21]} {[%emt
00:00:35]} 21. Rxe1 {[%clk 01:26:47]} {[%emt 00:00:22]} Nxc2 {[%clk 01:22:28]}
{[%emt 00:00:24]} 22. Rc1 {[%clk 01:26:57]} {[%emt 00:00:18]} Na3 {[%clk
01:22:12]} {[%emt 00:00:49]} 23. g4 {[%emt 00:00:36]} h6 {[%emt 00:01:14]} 24.
g5 {[%clk 01:25:00]} {[%emt 00:00:37]} hxg5 {[%clk 01:22:31]} {[%emt 00:00:10]}
25. hxg5 {[%clk 01:25:16]} {[%emt 00:00:14]} d6 {[%clk 01:22:24]} {[%emt
00:00:38]} 26. c4 {[%clk 01:24:35]} {[%emt 00:01:07]} Bf5 {[%clk 01:22:28]}
{[%emt 00:00:30]} 27. Rc3 {[%clk 01:24:15]} {[%emt 00:00:48]} Re8 {[%clk
01:21:59]} {[%emt 00:01:00]} 28. b4 {[%clk 01:24:31]} {[%emt 00:00:14]} Nb1
{[%clk 01:22:10]} {[%emt 00:00:19]} 29. Rc1 {[%clk 01:24:47]} {[%emt 00:00:13]}
Re2 {[%clk 01:21:22]} {[%emt 00:01:18]} 30. c5 {[%clk 01:24:26]} {[%emt
00:00:41]} dxc5 {[%clk 01:20:21]} {[%emt 00:01:43]} 31. Rxc5 {[%clk 01:24:36]}
{[%emt 00:00:19]} bxc5 {[%clk 01:20:38]} {[%emt 00:00:14]} 32. bxc5 {[%clk
01:24:48]} {[%emt 00:00:16]} Re5 {[%clk 01:20:50]} {[%emt 00:00:18]} 33. c6
{[%emt 00:01:02]} Rxd5 {[%emt 00:00:08]} 34. c7 {[%clk 01:23:33]} {[%emt
00:00:34]} Rc5 {[%clk 01:20:56]} {[%emt 00:00:25]} 35. a4 {[%emt 00:00:20]}
Rxc7 {[%emt 00:00:06]} 36. f4 {[%clk 01:22:48]} {[%emt 00:00:42]} Rc5 {[%clk
01:21:02]} {[%emt 00:00:31]} 37. a5 {[%emt 00:00:25]} Rxa5 {[%emt 00:00:09]}
38. Kh1 {[%clk 01:22:29]} {[%emt 00:00:14]} Rb5 {[%clk 01:21:13]} {[%emt
00:00:20]} 39. Kh2 {[%emt 00:00:25]} Rb3 {[%emt 00:00:12]} 40. Kh1 {[%clk
01:22:06]} {[%emt 00:00:13]} a5 {[%clk 01:21:34]} {[%emt 00:00:12]} 41. Kh2
{[%emt 00:00:14]} a4 {[%emt 00:00:06]} 42. Kh1 {[%clk 01:22:07]} {[%emt
00:00:09]} Rb2 {[%clk 01:21:45]} {[%emt 00:00:19]} 43. Kg1 {[%clk 01:22:19]}
{[%emt 00:00:16]} a3 {[%clk 01:22:13]} {[%emt 00:00:04]} 44. Kf1 {[%clk
01:22:34]} {[%emt 00:00:14]} a2 {[%clk 01:22:41]} {[%emt 00:00:03]} 45. Ke1
{[%emt 00:00:11]} a1=Q {[%emt 00:00:21]} 46. Kd1 {[%clk 01:21:10]} {[%emt
00:00:12]} Na3# {[%clk 01:22:41]} 0-1

[Event "ODJM C 2025"]
[Site "Willingen GER"]
[Date "2025.06.08"]
[Round "2"]
[White "Muhl, Justinus"]
[Black "Ziem, Aurelie"]
[Result "1-0"]
[Termination "normal"]
[Board "30"]
[WhiteElo "1584"]
[BlackElo "786"]
[WhiteClock "01:23:35"]
[BlackClock "01:18:07"]
[PlyCount "69"]
[WhiteFideId "34635190"]
[BlackFideId "533022194"]
[EventCountry "GER"]
[EventRounds "9"]
[EventType "swiss"]
[EventDate "2025.06.07"]

1. e4 {[%clk 01:30:29]} {[%emt 00:00:30]} e5 {[%clk 01:30:42]} {[%emt
00:00:18]} 2. Nf3 {[%clk 01:30:28]} {[%emt 00:00:30]} Nc6 {[%clk 01:30:50]}
{[%emt 00:00:23]} 3. Bc4 {[%clk 01:30:30]} {[%emt 00:00:27]} Bc5 {[%clk
01:31:06]} {[%emt 00:00:14]} 4. c3 {[%clk 01:30:37]} {[%emt 00:00:23]} d6
{[%clk 01:30:55]} {[%emt 00:00:41]} 5. a4 {[%clk 01:30:50]} {[%emt 00:00:18]}
Nf6 {[%clk 01:31:02]} {[%emt 00:00:22]} 6. b4 {[%clk 01:31:18]} {[%emt
00:00:03]} Bb6 {[%clk 01:31:00]} {[%emt 00:00:30]} 7. a5 {[%clk 01:31:46]}
{[%emt 00:00:03]} O-O {[%clk 01:30:26]} {[%emt 00:01:03]} 8. axb6 {[%clk
01:32:10]} {[%emt 00:00:07]} cxb6 {[%clk 01:30:25]} {[%emt 00:00:30]} 9. d3
{[%clk 01:32:36]} {[%emt 00:00:05]} h6 {[%clk 01:30:21]} {[%emt 00:00:33]} 10.
O-O {[%clk 01:33:01]} {[%emt 00:00:06]} Bg4 {[%clk 01:30:15]} {[%emt 00:00:35]}
11. h3 {[%clk 01:32:02]} {[%emt 00:01:30]} Bh5 {[%clk 01:29:58]} {[%emt
00:00:46]} 12. Nbd2 {[%clk 01:31:18]} {[%emt 00:01:14]} d5 {[%clk 01:29:40]}
{[%emt 00:00:47]} 13. exd5 {[%clk 01:31:30]} {[%emt 00:00:20]} Nxd5 {[%clk
01:29:54]} {[%emt 00:00:15]} 14. Qb3 {[%clk 01:29:42]} {[%emt 00:02:18]} Nce7
{[%clk 01:29:33]} {[%emt 00:00:51]} 15. Nxe5 {[%emt 00:01:02]} Qd6 {[%clk
01:28:43]} {[%emt 00:01:16]} 16. Nef3 {[%clk 01:27:28]} {[%emt 00:02:17]} Rfc8
{[%clk 01:24:58]} {[%emt 00:04:13]} 17. Bxd5 {[%clk 01:27:50]} {[%emt
00:00:10]} Nxd5 {[%clk 01:24:27]} {[%emt 00:01:00]} 18. Ne4 {[%clk 01:27:36]}
{[%emt 00:00:45]} Qe6 {[%clk 01:24:13]} {[%emt 00:00:42]} 19. Nd4 {[%clk
01:26:23]} {[%emt 00:01:44]} Qd7 {[%clk 01:23:43]} {[%emt 00:01:00]} 20. Bxh6
{[%clk 01:21:47]} {[%emt 00:05:07]} g6 {[%clk 01:22:39]} {[%emt 00:01:31]} 21.
Qxd5 {[%clk 01:21:39]} {[%emt 00:00:41]} Qxd5 {[%clk 01:21:52]} {[%emt
00:01:16]} 22. Nf6+ {[%emt 00:00:06]} Kh8 {[%clk 01:21:32]} {[%emt 00:00:47]}
23. Nxd5 {[%clk 01:22:35]} Kh7 {[%clk 01:21:30]} {[%emt 00:00:33]} 24. Be3
{[%clk 01:22:58]} {[%emt 00:00:08]} g5 {[%clk 01:20:29]} {[%emt 00:01:30]} 25.
Nf6+ {[%clk 01:22:21]} {[%emt 00:01:08]} Kg6 {[%clk 01:20:34]} {[%emt
00:00:23]} 26. Nxh5 {[%clk 01:22:47]} {[%emt 00:00:05]} Kxh5 {[%clk 01:20:44]}
{[%emt 00:00:20]} 27. c4 {[%clk 01:22:29]} {[%emt 00:00:49]} Rd8 {[%clk
01:20:20]} {[%emt 00:00:49]} 28. Nb5 {[%clk 01:22:18]} {[%emt 00:00:46]} a6
{[%clk 01:19:53]} {[%emt 00:00:56]} 29. Bxb6 {[%clk 01:22:20]} {[%emt
00:00:29]} axb5 {[%clk 01:19:37]} {[%emt 00:00:46]} 30. Bxd8 {[%emt 00:00:08]}
Rxd8 {[%emt 00:00:22]} 31. Rfd1 {[%clk 01:22:18]} {[%emt 00:00:02]} bxc4 {[%clk
01:18:27]} {[%emt 00:01:41]} 32. dxc4 {[%clk 01:22:37]} {[%emt 00:00:11]} Re8
{[%clk 01:18:21]} {[%emt 00:00:35]} 33. Rd6 {[%clk 01:22:44]} {[%emt 00:00:25]}
Re4 {[%clk 01:18:14]} {[%emt 00:00:35]} 34. g4+ {[%clk 01:23:10]} {[%emt
00:00:05]} Kh4 {[%clk 01:18:07]} {[%emt 00:00:35]} 35. Rh6# {[%clk 01:23:35]}
{[%emt 00:00:07]} 1-0

[Event "ODJM C 2025"]
[Site "Willingen GER"]
[Date "2025.06.08"]
[Round "2"]
[White "Lohmüller, Alina"]
[Black "Surmann, Lukas"]
[Result "0-1"]
[Termination "normal"]
[Board "31"]
[WhiteElo "772"]
[BlackElo "1084"]
[WhiteClock "00:54:04"]
[BlackClock "01:22:57"]
[PlyCount "120"]
[WhiteFideId "533025509"]
[BlackFideId "34649360"]
[EventCountry "GER"]
[EventRounds "9"]
[EventType "swiss"]
[EventDate "2025.06.07"]

1. e4 {[%clk 01:30:58]} {[%emt 00:00:01]} e6 {[%clk 01:30:52]} {[%emt
00:00:08]} 2. d4 {[%clk 01:31:20]} {[%emt 00:00:09]} d5 {[%emt 00:00:06]} 3.
exd5 {[%emt 00:00:11]} exd5 {[%clk 01:30:54]} {[%emt 00:00:11]} 4. Nf3 {[%clk
01:31:31]} {[%emt 00:00:24]} c5 {[%clk 01:30:57]} {[%emt 00:00:22]} 5. c3
{[%clk 01:31:41]} {[%emt 00:00:20]} Nc6 {[%clk 01:31:07]} {[%emt 00:00:21]} 6.
Bd3 {[%clk 01:31:28]} {[%emt 00:00:41]} Qb6 {[%clk 01:30:57]} {[%emt 00:00:39]}
7. O-O {[%clk 01:30:07]} {[%emt 00:01:52]} Bd7 {[%clk 01:31:16]} {[%emt
00:00:11]} 8. Re1+ {[%clk 01:30:09]} {[%emt 00:00:28]} Be7 {[%clk 01:31:22]}
{[%emt 00:00:24]} 9. Bg5 {[%clk 01:28:57]} {[%emt 00:01:42]} h6 {[%clk
01:31:31]} {[%emt 00:00:21]} 10. dxc5 {[%clk 01:26:03]} {[%emt 00:03:24]} Qxb2
{[%clk 01:31:23]} {[%emt 00:00:38]} 11. Nbd2 {[%clk 01:24:26]} {[%emt
00:02:07]} Qxc3 {[%clk 01:31:18]} {[%emt 00:00:36]} 12. Nb3 {[%clk 01:22:01]}
{[%emt 00:02:56]} hxg5 {[%clk 01:31:12]} {[%emt 00:00:35]} 13. Nxg5 {[%clk
01:21:11]} {[%emt 00:01:20]} Qf6 {[%clk 01:30:37]} {[%emt 00:01:06]} 14. Nf3
{[%clk 01:18:31]} {[%emt 00:03:09]} Bg4 {[%clk 01:29:47]} {[%emt 00:01:21]} 15.
Bb5 {[%clk 01:12:40]} {[%emt 00:06:21]} O-O-O {[%clk 01:29:35]} {[%emt
00:00:41]} 16. Re3 {[%clk 01:02:47]} {[%emt 00:10:23]} Qh6 {[%clk 01:29:16]}
{[%emt 00:00:48]} 17. Rc3 {[%clk 01:00:36]} {[%emt 00:02:41]} Bxf3 {[%clk
01:29:08]} {[%emt 00:00:38]} 18. Qxf3 {[%clk 01:00:17]} {[%emt 00:00:50]} Qxh2+
{[%clk 01:29:00]} {[%emt 00:00:38]} 19. Kf1 {[%clk 01:00:36]} {[%emt 00:00:11]}
Bf6 {[%clk 01:28:49]} {[%emt 00:00:41]} 20. Qg4+ {[%clk 01:00:12]} {[%emt
00:00:54]} Kb8 {[%clk 01:28:49]} {[%emt 00:00:31]} 21. Rcc1 {[%clk 00:56:43]}
{[%emt 00:03:58]} Bxa1 {[%clk 01:28:45]} {[%emt 00:00:35]} 22. Rxa1 {[%clk
00:57:07]} {[%emt 00:00:06]} Re8 {[%clk 01:28:36]} {[%emt 00:00:37]} 23. f3
{[%clk 00:54:25]} {[%emt 00:03:12]} Qh1+ {[%emt 00:01:50]} 24. Kf2 {[%emt
00:00:10]} Qh4+ {[%clk 01:26:50]} {[%emt 00:00:16]} 25. Kf1 {[%clk 00:53:55]}
{[%emt 00:01:01]} Qxg4 {[%clk 01:26:55]} {[%emt 00:00:25]} 26. fxg4 {[%clk
00:54:17]} {[%emt 00:00:08]} Rh1+ {[%clk 01:26:50]} {[%emt 00:00:36]} 27. Kf2
{[%clk 00:54:40]} {[%emt 00:00:06]} Rxa1 {[%emt 00:00:13]} 28. Nxa1 {[%emt
00:00:10]} a6 {[%clk 01:26:48]} {[%emt 00:00:08]} 29. Ba4 {[%clk 00:53:58]}
{[%emt 00:01:13]} Re4 {[%clk 01:26:37]} {[%emt 00:00:40]} 30. Bc2 {[%clk
00:53:32]} {[%emt 00:00:57]} Rxg4 {[%clk 01:26:27]} {[%emt 00:00:40]} 31. Bd1
{[%clk 00:52:59]} {[%emt 00:01:03]} Rh4 {[%clk 01:25:34]} {[%emt 00:01:23]} 32.
Bb3 {[%clk 00:52:30]} {[%emt 00:00:58]} Nf6 {[%clk 01:25:16]} {[%emt 00:00:49]}
33. Nc2 {[%clk 00:52:19]} {[%emt 00:00:42]} Ne4+ {[%emt 00:01:30]} 34. Kf3
{[%emt 00:01:02]} Ne5+ {[%clk 01:22:49]} {[%emt 00:01:55]} 35. Ke2 {[%clk
00:51:51]} {[%emt 00:00:27]} Nxc5 {[%clk 01:22:38]} {[%emt 00:00:40]} 36. Bxd5
{[%clk 00:51:55]} {[%emt 00:00:26]} f5 {[%clk 01:22:33]} {[%emt 00:00:36]} 37.
g3 {[%clk 00:51:53]} {[%emt 00:00:32]} Rh2+ {[%clk 01:22:27]} {[%emt 00:00:36]}
38. Kd1 {[%clk 00:51:57]} {[%emt 00:00:26]} g5 {[%clk 01:22:13]} {[%emt
00:00:44]} 39. Nd4 {[%clk 00:51:40]} {[%emt 00:00:48]} f4 {[%clk 01:22:05]}
{[%emt 00:00:37]} 40. gxf4 {[%clk 00:52:02]} {[%emt 00:00:08]} gxf4 {[%clk
01:21:53]} {[%emt 00:00:11]} 41. a4 {[%clk 00:51:29]} {[%emt 00:01:34]} f3
{[%clk 01:21:18]} {[%emt 00:01:05]} 42. Bxf3 {[%clk 00:51:44]} {[%emt
00:00:14]} Nxf3 {[%clk 01:21:29]} {[%emt 00:00:19]} 43. Nxf3 {[%clk 00:52:04]}
{[%emt 00:00:11]} Rh1+ {[%clk 01:21:50]} {[%emt 00:00:09]} 44. Ke2 {[%clk
00:51:29]} {[%emt 00:01:04]} Nxa4 {[%clk 01:19:59]} {[%emt 00:02:22]} 45. Kf2
{[%clk 00:51:19]} {[%emt 00:00:40]} b5 {[%clk 01:20:14]} {[%emt 00:00:15]} 46.
Nd4 {[%clk 00:50:53]} {[%emt 00:00:56]} Kc7 {[%clk 01:20:22]} {[%emt 00:00:22]}
47. Ne6+ {[%clk 00:50:24]} {[%emt 00:00:59]} Kd6 {[%clk 01:20:32]} {[%emt
00:00:21]} 48. Kg2 {[%clk 00:50:02]} {[%emt 00:00:52]} Kxe6 49. Kxh1 {[%clk
00:50:24]} b4 {[%clk 01:21:12]} {[%emt 00:00:02]} 50. Kg1 {[%clk 00:50:45]}
{[%emt 00:00:09]} b3 {[%clk 01:20:37]} {[%emt 00:01:05]} 51. Kf1 {[%clk
00:51:09]} {[%emt 00:00:05]} b2 {[%clk 01:21:03]} {[%emt 00:00:04]} 52. Ke1
{[%clk 00:51:34]} {[%emt 00:00:06]} b1=Q+ {[%clk 01:21:20]} {[%emt 00:00:12]}
53. Kd2 {[%clk 00:51:56]} {[%emt 00:00:07]} Nc3 {[%clk 01:21:05]} {[%emt
00:00:45]} 54. Kxc3 {[%clk 00:52:16]} {[%emt 00:00:10]} a5 {[%clk 01:21:24]}
{[%emt 00:00:12]} 55. Kd2 {[%clk 00:52:34]} {[%emt 00:00:10]} a4 {[%clk
01:21:46]} {[%emt 00:00:09]} 56. Kc3 {[%clk 00:53:00]} {[%emt 00:00:04]} a3
{[%clk 01:22:05]} {[%emt 00:00:12]} 57. Kd2 {[%clk 00:53:14]} {[%emt 00:00:15]}
a2 {[%clk 01:22:22]} {[%emt 00:00:14]} 58. Kc3 {[%clk 00:53:34]} {[%emt
00:00:09]} a1=Q+ {[%clk 01:22:25]} {[%emt 00:00:27]} 59. Kc4 {[%clk 00:53:51]}
{[%emt 00:00:13]} Qa4+ {[%clk 01:22:50]} {[%emt 00:00:05]} 60. Kc3 {[%clk
00:54:04]} {[%emt 00:00:17]} Qbc2# {[%clk 01:22:57]} {[%emt 00:00:23]} 0-1